| 000 | 01080cam a22003377a 4500 | ||
|---|---|---|---|
| 003 | CHAP | ||
| 005 | 20220817042929.0 | ||
| 008 | 971013s1974 r 00010 d | ||
| 010 | _a60203 | ||
| 011 | _a61175 | ||
| 035 | _a65339 | ||
| 040 | _cCHAP | ||
| 082 |
_a080 _bS4 v.158 |
||
| 100 | 0 | 0 |
_aCopérnico, Nicolás. _927887 |
| 245 | 0 | _aSobre las revoluciones de los orbes celestes | |
| 260 |
_aMéxico, D. F. : _bSecretaría de Educación Pública, _c1974 |
||
| 300 |
_a213 p. _b: ilus. |
||
| 490 | 0 |
_aSEP/Setentas _v; 158 |
|
| 590 |
_aBATCH-UPD _b10 _c20130110 _lUCH01 _h0251 |
||
| 590 |
_aBATCH-UPD _b10 _c20130110 _lUCH01 _h1823 |
||
| 590 |
_aBATCH-UPD _b10 _c20130409 _lUCH01 _h2322 |
||
| 590 |
_aBATCH-UPD _b10 _c20130410 _lUCH01 _h1419 |
||
| 590 |
_aBATCH-UPD _b10 _c20130914 _lUCH01 _h0424 |
||
| 590 |
_aCONVERSION _b10 _c20130109 _lUCH01 _h1332 |
||
| 650 | 1 | 4 |
_aAstronomía. _98199 |
| 650 | 1 | 4 |
_aMecánica celeste. _973820 |
| 830 | 0 |
_aSEP. Setentas _v; 158 |
|
| 901 | _aBK | ||
| 942 | _cLIBRO | ||
| 949 |
_a080 S4 v.158 _bBC _cLIBRO _d33724000309712 _eLIBRO _fc.2 _h44425 _i65339 _si |
||
| 999 |
_c60203 _d60203 |
||